Spiralin is not essential for helicity, motility, or pathogenicity but is required for efficient transmission of spiroplasma citri by its leafhopper vector circulifer haematoceps /
Kaydedildi:
| Diğer Yazarlar: | , , , , |
|---|---|
| Materyal Türü: | Makale |
| Dil: | English |
| Konular: | |
| Etiketler: |
Etiketle
Etiket eklenmemiş, İlk siz ekleyin!
|
| Thư viện lưu trữ: | Thư viện Trường Đại học Đà Lạt |
|---|
| LEADER | 01118nam a2200349 4500 | ||
|---|---|---|---|
| 001 | DLU090092838 | ||
| 005 | ##20091201 | ||
| 040 | # | # | |a DLU |b eng |
| 041 | # | # | |a eng |
| 044 | # | # | |a us |
| 245 | # | # | |a Spiralin is not essential for helicity, motility, or pathogenicity but is required for efficient transmission of spiroplasma citri by its leafhopper vector circulifer haematoceps / |c Sybille Duret ... [et al.]. |
| 653 | # | # | |a Bacteria |
| 653 | # | # | |a Insecta |
| 653 | # | # | |a Invertebrata |
| 653 | # | # | |a Motility |
| 653 | # | # | |a Pathogenicity |
| 653 | # | # | |a Spiroplasma citri |
| 700 | # | # | |a Berho, Nathalie. |
| 700 | # | # | |a Danet, Jean-Luc. |
| 700 | # | # | |a Duret, Sybille. |
| 700 | # | # | |a Garnier, Monique. |
| 700 | # | # | |a Renaudin, Joel. |
| 773 | # | # | |t Applied and Environmental Microbiology |g Vol. 69, no. 10 (October 2003), p. 6225-6234 |
| 920 | # | # | |a Phòng Tạp chí -- Trung tâm Thông tin - Thư viện Trường Đại học Đà Lạt |
| 994 | # | # | |a DLU |
| 900 | # | # | |a True |
| 911 | # | # | |a Trương Bảo Trâm Anh |
| 925 | # | # | |a G |
| 926 | # | # | |a A |
| 927 | # | # | |a BB |
| 980 | # | # | |a Thư viện Trường Đại học Đà Lạt |